All countries, states, provinces and unofficial countries of the world - Statistics

General Stats
  • This quiz has been taken 83 times
  • The average score is 91 of 301
Answer Stats
Answer % Correct
USA
52%
Russia
51%
China
49%
UK
49%
Albania
48%
California
48%
Canada
48%
India
48%
Georgia
46%
Ukraine
45%
Afghanistan
43%
Andorra
43%
Armenia
43%
Spain
43%
Sweden
43%
Mexico
42%
Norway
42%
Pakistan
42%
Texas
42%
Alabama
40%
Algeria
40%
Argentina
40%
Belarus
40%
Brazil
40%
Finland
40%
Germany
40%
New York
40%
Poland
40%
Portugal
40%
Romania
40%
Serbia
40%
Alaska
38%
Angola
38%
Denmark
38%
Estonia
38%
French Guiana
38%
Luxembourg
38%
Moldova
38%
Panama
38%
Peru
38%
Somalia
38%
Taiwan
38%
Australia
37%
Austria
37%
Bosnia and Herzegovina
37%
Chile
37%
Colombia
37%
Costa Rica
37%
Croatia
37%
Ecuador
37%
Egypt
37%
France
37%
Greece
37%
Guatemala
37%
Hawaii
37%
Iran
37%
Iraq
37%
Israel
37%
Italy
37%
Japan
37%
Latvia
37%
Lithuania
37%
Malta
37%
Nicaragua
37%
North Korea
37%
Ohio
37%
Slovakia
37%
South Africa
37%
South Korea
37%
Switzerland
37%
Turkey
37%
Antigua and Barbuda
35%
Arkansas
35%
Belgium
35%
Bulgaria
35%
Cambodia
35%
Congo
35%
El Salvador
35%
Eswatini
35%
Ethiopia
35%
Florida
35%
Ghana
35%
Guinea
35%
Honduras
35%
Iceland
35%
Indonesia
35%
Ireland
35%
Liberia
35%
Libya
35%
Liechtenstein
35%
Maine
35%
Nevada
35%
New Zealand
35%
North Dakota
35%
North Macedonia
35%
Paraguay
35%
Rhode Island
35%
Senegal
35%
Slovenia
35%
South Dakota
35%
Venezuela
35%
Washington
35%
American Samoa
34%
Barbados
34%
Benin
34%
Bolivia
34%
Brunei
34%
Central African Republic
34%
Cyprus
34%
Czech Republic
34%
Dominica
34%
Dominican Republic
34%
East Timor
34%
Gabon
34%
Ivory Coast
34%
Kazakhstan
34%
Laos
34%
Malaysia
34%
Monaco
34%
Montana
34%
Montenegro
34%
Morocco
34%
Netherlands
34%
North Carolina
34%
Oman
34%
Qatar
34%
Saudi Arabia
34%
South Carolina
34%
Tunisia
34%
Turkmenistan
34%
Uruguay
34%
Arizona
32%
Bahamas
32%
Bahrain
32%
Belize
32%
Bhutan
32%
Botswana
32%
Burkina Faso
32%
Cuba
32%
Djibouti
32%
Eritrea
32%
Gambia
32%
Idaho
32%
Illinois
32%
Kansas
32%
Kuwait
32%
Lesotho
32%
Mozambique
32%
Nepal
32%
Oregon
32%
Palestine
32%
Puerto Rico
32%
Rwanda
32%
San Marino
32%
Singapore
32%
Suriname
32%
Tajikistan
32%
Togo
32%
Utah
32%
Uzbekistan
32%
Vatican City
32%
Vermont
32%
Vietnam
32%
Virginia
32%
Yemen
32%
Alberta
31%
Burundi
31%
Cameroon
31%
Chad
31%
Colorado
31%
Comoros
31%
Equatorial Guinea
31%
Guyana
31%
Haiti
31%
Jamaica
31%
Kenya
31%
Kiribati
31%
Lebanon
31%
Maldives
31%
Mauritius
31%
Mongolia
31%
Namibia
31%
New Mexico
31%
Niger
31%
Nigeria
31%
Philippines
31%
Quebec
31%
Seychelles
31%
South Sudan
31%
Sri Lanka
31%
St Kitts and Nevis
31%
St Lucia
31%
St Vincent and the Grenadines
31%
Syria
31%
Tanzania
31%
Tennessee
31%
Thailand
31%
Tonga
31%
Trinidad and Tobago
31%
UAE
31%
Vanuatu
31%
Bangladesh
29%
Cape Verde
29%
Delaware
29%
Fiji
29%
Greenland
29%
Grenada
29%
Hungary
29%
Kentucky
29%
Louisiana
29%
Mali
29%
Marshall Islands
29%
Maryland
29%
Mauritania
29%
Missouri
29%
Myanmar
29%
New Hampshire
29%
Oklahoma
29%
Palau
29%
Sao Tome and Principe
29%
Sierra Leone
29%
Sudan
29%
Tuvalu
29%
West Virginia
29%
Madagascar
28%
Massachusetts
28%
Michigan
28%
Mississippi
28%
New Jersey
28%
Uganda
28%
Zambia
28%
Zimbabwe
28%
Iowa
26%
Isle of Man
26%
Jordan
26%
Malawi
26%
Nebraska
26%
Newfoundland and Labrador
26%
Wyoming
26%
Connecticut
25%
Indiana
25%
Nauru
25%
Pennsylvania
25%
Solomon Islands
25%
US Virgin Islands
25%
Aruba
23%
Minnesota
22%
Nunavut
22%
Abkhazia
20%
Cayman Islands
20%
Curacao
20%
Guadeloupe
20%
Nova Scotia
20%
Wisconsin
20%
Guam
18%
Saskatchewan
18%
Somaliland
18%
Yukon
18%
Cook Islands
17%
French Polynesia
17%
Hong Kong
17%
Manitoba
17%
Martinique
17%
New Caledonia
17%
Reunion
17%
Western Sahara
17%
Bermuda
15%
Gibraltar
15%
Northwest Territories
15%
Saint Helena
15%
Jersey
14%
New Brunswick
14%
British Colombia
12%
Guernsey
12%
Macau
12%
Montserrat
12%
Niue
12%
South Ossetia
12%
Transnistria
12%
Northern Cyprus
11%
Northern Mariana
11%
Anguilla
9%
Christmas Islands
9%
Norfolk Island
9%
British Virgin Islands
8%
Cocos Islands
8%
Saint Barthélemy
8%
Tokelau
8%
Azerbajan
6%
Pitcairn Islands
6%
Saint Pierre and Miquelon
6%
Turks and Caicos Islands
6%
Wallis and Futuna
5%
Kyrgzstan
3%
Papa New Guinea
3%
Artsakh
2%
Caribbean Netherlands
0%
Guinea Bassau
0%
Somoa
0%
Svalbard and Jan Mayen
0%
No matching quizzes found
Score Distribution
Percent of People with Each Score
Percentile by Number Answered
Your Score History
You have not taken this quiz